Europe or Asia Blitz Quiz Stats

 Plays Quiz Updated Feb 13, 2019

Support Sporcle.
Go Orange.
Score 0/92 Timer 01:30
2 Plays Today
Country Continent % Correct
United Kingdom???
78.8%
Germany???
78.6%
Italy???
78.6%
Finland???
78.6%
Ireland???
78.5%
India???
78.5%
Netherlands???
78.5%
Denmark???
78.4%
Sweden???
78.4%
Iceland???
78.4%
Belgium???
78.4%
Poland???
78.4%
Greece???
78.3%
France???
78.3%
Spain???
78.2%
Luxembourg???
78.2%
Switzerland???
78.2%
Indonesia???
78.2%
Malaysia???
78.2%
Taiwan???
78.2%
Qatar???
78.2%
Saudi Arabia???
78.1%
Norway???
78%
Portugal???
78%
Japan???
77.9%
North Korea???
77.9%
Afghanistan???
77.9%
Sri Lanka???
77.9%
Myanmar???
77.9%
Philippines???
77.8%
Singapore???
77.8%
Country Continent % Correct
South Korea???
77.8%
Vietnam???
77.8%
Austria???
77.8%
Bangladesh???
77.7%
Thailand???
77.7%
Iran???
77.7%
Oman???
77.7%
Kuwait???
77.7%
Cambodia???
77.7%
Bhutan???
77.7%
China???
77.7%
Yemen???
77.7%
Pakistan???
77.7%
United Arab Emirates???
77.6%
Romania???
77.5%
Iraq???
77.6%
Tajikistan???
77.5%
Hungary???
77.5%
Liechtenstein???
77.3%
Nepal???
77.2%
Vatican City???
77.2%
Estonia???
77.1%
Slovakia???
77.1%
Laos???
77.1%
Bahrain???
77.1%
Slovenia???
77%
Croatia???
76.9%
Lithuania???
76.9%
Bulgaria???
76.7%
Mongolia???
76.7%
Syria???
76.6%
Country Continent % Correct
Jordan???
76.6%
Kyrgyzstan???
76.6%
Palestine???
76.4%
Latvia???
76.4%
Kazakhstan???
76.4%
Brunei???
76.4%
Turkmenistan???
76.4%
Monaco???
76.2%
Bosnia and Herzegovina???
76.1%
Czechia???
75.9%
Timor-Leste???
75.9%
San Marino???
75.6%
Montenegro???
75.5%
Uzbekistan???
75.4%
Belarus???
75.2%
Ukraine???
74.4%
Andorra???
74.2%
Lebanon???
74.2%
Azerbaijan???
74%
Malta???
73.7%
Moldova???
73.5%
North Macedonia???
73.4%
Albania???
73.3%
Serbia???
73%
Cyprus???
72.9%
Israel???
72.5%
Kosovo???
71.8%
Maldives???
70.1%
Georgia???
58.7%
Armenia???
56.3%

From the Vault

World Cup Face-Off: Who Went Further?

by Hejman

Sports 4m
It's time to get your rulers out. Or is that not how this works?
Remove Ads.
Support Sporcle.
Get the best of Sporcle when you Go Orange. This ad-free experience offers more features, more stats, and more fun while also helping to support Sporcle. Thank you for becoming a member.

Show Comments

Extras

Top Quizzes Today


Score Distribution

Your Account Isn't Verified!

In order to create a playlist on Sporcle, you need to verify the email address you used during registration. Go to your Sporcle Settings to finish the process.

Report this User

Report this user for behavior that violates our Community Guidelines.

Details: